Województwa Polski z lat 1975-1998 - nagła śmierć - Statystyki

Ogólne statystyki
  • Ten quiz został rozwiązany 57 razy
  • Średni wynik to 9 z 25
Answers on the Grid
Answers color-coded by a green-red scale on the quiz's grid according to % correct below.
bialskopodlaskie
białostockie
bielskie
bydgoskie
chełmskie
ciechanowskie
gdańskie
gorzowskie
kaliskie
kieleckie
konińskie
śląskie
kołobrzeskie
leszczyńskie
lubelskie
lublińskie
łomżyńskie
nowotarskie
opolskie
ostrołęckie
piotrkowskie
poznańskie
płockie
przemyskie
radomskie
siedleckie
sieradzkie
szczecińskie
tarnobrzeskie
mazowieckie
podkarpackie
karpackie
rusińskie
kędzierzyńsko-kozielskie
kujawskie
warmińskie
mazurskie
ełckie
sandomierskie
nowosolskie
zduńskowolskie
gdyńskie
pomorskie
zachodniopomorskie
poleskie
podlaskie
wileńskie
koneckie
starachowickie
bielskopodlaskie
 
Statystyki odpowiedzi
Odpowiedź % Poprawnych
białostockie
50%
bydgoskie
50%
płockie
50%
siedleckie
50%
tarnobrzeskie
50%
gdańskie
44%
konińskie
44%
poznańskie
44%
radomskie
44%
szczecińskie
44%
bialskopodlaskie
38%
bielskie
38%
kaliskie
38%
kieleckie
38%
lubelskie
38%
opolskie
38%
łomżyńskie
31%
ostrołęckie
31%
piotrkowskie
31%
przemyskie
31%
sieradzkie
31%
gorzowskie
25%
chełmskie
19%
ciechanowskie
19%
leszczyńskie
19%
Nie znaleziono quizów pasujących do podanych kryteriów
Rozkład punktacji
Procent ludzi z każdym wynikiem
Percentyl według liczby udzielonych odpowiedzi
Twoja historia wyników
Nie rozwiązałeś tego quizu